• 首页
  • 本馆介绍
  • 公告通知
  • 最新文献
  • 馆藏检索
  • 电子资源
  • 读者导购
  • 参考咨询
  • 我的图书馆
  • 登录
  • 详细信息显示
  • 放入我的书架
  • 预约/预借图书
  • 作者相关作品
  • 分类相关作品
  • 丛书相关作品
  • 出版社相关作品

书目信息

  • 表格格式
  • 工作单格式
  • 卡片格式
题名:
插花创作与欣赏
    
 
作者: 周武忠 , 张丽娟 编著
分册:  
出版信息: 北京   中国农业出版社  1999
页数: 134,8页
开本: 21cm
丛书名: 东方园艺丛书
单 册:
中图分类: J525.1
科图分类:
主题词: 插花--装饰美术--基本知识 , 插花--装饰美术--鉴赏
电子资源:
ISBN: 7-109-05922-7
000 01094oam2 2200301 45
001 060000019526
005 20051009163411.40
010    @a7-109-05922-7@dCNY17.60
092    @aCN
100    @a20050127d1999 ekmy0chiy0120 ea
101 0  @achi
102    @aCN@b110000
105    @aaf az 000yy
200 1  @a插花创作与欣赏@9cha hua chuang zuo yu xin shang@f周武忠,张丽娟编著@Fzhou wu zhong,zhang li juan bian zhu
210    @a北京@c中国农业出版社@d1999
215    @a134,8页@c图,图版@d21cm
225 2  @a东方园艺丛书@v3@f周武忠主编
320    @a有书目
330    @a本书系统地介绍了插花的历史、风格与流派、花材的选择和剪裁、插花器具、插花形式美的要素、插花设计和意境的创造,以及插花的种类、保鲜和陈设应用等基本知识和技法,并列举了诸多实例,向读者充分展示了艺术插花与生活插花之美。
410  0 @12001 @a东方园艺丛书
606 0  @a插花@x装饰美术@x基本知识
606 0  @a插花@x装饰美术@x鉴赏
690    @aJ525.1@v4
701  0 @a周武忠@Azhou wu zhong@4编著
701  0 @a张丽娟@Azhang li juan@4编著
801  0 @aCN@bTSSF@c20051009
905    @a10447@dJ525.1@e124
999    @aHSJ@eDF
    
    插花创作与欣赏/周武忠,张丽娟编著.-北京:中国农业出版社,1999
    134,8页:图,图版;21cm.-(东方园艺丛书;3/周武忠主编)
    
    
    ISBN 7-109-05922-7:CNY17.60
    本书系统地介绍了插花的历史、风格与流派、花材的选择和剪裁、插花器具、插花形式美的要素、插花设计和意境的创造,以及插花的种类、保鲜和陈设应用等基本知识和技法,并列举了诸多实例,向读者充分展示了艺术插花与生活插花之美。
●
相关链接 在E读中查询图书 在五车中查询图书 在当当中查询图书 在豆瓣中查询图书


正题名:插花创作与欣赏     索取号:J525.1/124         预约/预借

序号 登录号 条形码 馆藏地/架位号 状态 备注
1 0365091   3650917   第一样本阅览室/ [索取号:J525.1/124] 在馆    
2 0365092   3650926   第一借阅区/ [索取号:J525.1/124] 在馆    
3 0365093   3650935   第一借阅区/ [索取号:J525.1/124] 在馆    
4 0365094   3650944   第一借阅区/ [索取号:J525.1/124] 在馆    
5 0365095   3650953   第一借阅区/ [索取号:J525.1/124] 在馆    
唐山师范学院图书馆 欢迎您!
大连网信软件有限公司© 版权所有